[Event "Porticcio op 12th"]
[Site "Porticcio"]
[Date "2010.04.04"]
[Round "5"]
[White "Alliot, Kevin"]
[Black "Storai, Thierry"]
[Result "0-1"]
[WhiteElo "1769"]
[BlackElo "1913"]
[PlyCount "60"]
[EventDate "2010.04.01"]
[EventType "swiss"]
[EventRounds "9"]
[EventCountry "FRA"]
[SourceTitle "EXT 2012"]
[Source "ChessBase"]
[SourceDate "2011.11.24"]
[SourceVersion "1"]
[SourceVersionDate "2011.11.24"]
[SourceQuality "1"]

1. Nf3 d5 2. g3 Nf6 3. Bg2 Nbd7 4. d4 c6 5. b3 e6 6. Bb2 Bd6 7. Nbd2 0-0 8. 0-0 Re8 9. Rc1 e5 10. dxe5 Nxe5 11. c4 dxc4 12. Nxc4 Nxc4 13. Rxc4 Qe7 14. Re1 Be6 15. Bxf6 gxf6 16. Rh4 Bf5 17. Nd4 Bg6 18. Bh3 Qe5 19. e4 Bc5 20. Nf5 Rad8 21. Qf3 Rd2 22. Nh6+ Kf8 23. Ng4 Qb2 24. Qxf6 Bxf2+ 25. Kf1 Bxe1 26. Qxb2 Rxb2 27. Kxe1 Rxe4+ 28. Kf1 Rd4 29. Ke1 Rxa2 30. Ne3 Rxh4 0-1